000 00501nam a2200205Ia 4500
003 0100
008 130307s9999 xx 000 0 und d
020 _a0754613941
040 _cARRUPELIB
050 _aTD170.94.N5M31 2004
245 _aManagement of environmental problems and hazards in Nigeria
260 _aEngland
260 _bAshgate
260 _c2004
300 _axiv
300 _b298p. 23 cm
650 _aENVIRONMENT
700 _aMba H. Chike ...(et al.) (ed.)
942 0 0 _03
999 _c97247
_d97247